[Event "NCA-ch sf"]
[Site "Managua"]
[Date "2022.02.20"]
[Round "6"]
[White "Gomez Baltodano, David"]
[Black "Ulloa Diaz, Felipe Josue"]
[Result "1-0"]
[WhiteElo "2024"]
[BlackElo "1548"]
[PlyCount "71"]
[EventDate "2022.02.12"]
[EventType "swiss"]
[EventRounds "9"]
[EventCountry "NCA"]
[SourceTitle "EXT 2023"]
[Source "ChessBase"]
[SourceDate "2022.10.05"]
[SourceVersion "1"]
[SourceVersionDate "2022.10.05"]
[SourceQuality "1"]

1. d4 Nf6 2. c4 g6 3. Nc3 Bg7 4. e4 d6 5. Be2 0-0 6. Be3 e5 7. d5 Ne8 8. g4 f5 9. gxf5 gxf5 10. exf5 Bxf5 11. Qd2 Nf6 12. 0-0-0 Nbd7 13. h4 a6 14. Nf3 Ne4 15. Nxe4 Bxe4 16. Rh3 Bxf3 17. Bxf3 Qf6 18. Rg1 Kh8 19. h5 h6 20. Rhg3 Rg8 21. Be4 Nc5 22. f3 Nxe4 23. fxe4 Kh7 24. Rg6 Qf8 25. Qg2 b5 26. Rf1 Qe7 27. Re6 Qh4 28. Rh1 Qd8 29. Qg6+ Kh8 30. Rg1 Qf8 31. Bxh6 Rd8 32. Bg5 Rd7 33. h6 Bxh6 34. Qxh6+ Qxh6 35. Rxh6+ Rh7 36. Bf6+ 1-0

[Event "NCA-ch sf"]
[Site "Managua"]
[Date "2022.02.13"]
[Round "2"]
[White "Gomez Baltodano, David"]
[Black "Flores, Manuel"]
[Result "1-0"]
[WhiteElo "2024"]
[BlackElo "1880"]
[PlyCount "79"]
[EventDate "2022.02.12"]
[EventType "swiss"]
[EventRounds "9"]
[EventCountry "NCA"]
[SourceTitle "EXT 2023"]
[Source "ChessBase"]
[SourceDate "2022.10.05"]
[SourceVersion "1"]
[SourceVersionDate "2022.10.05"]
[SourceQuality "1"]

1. d4 d5 2. c4 e6 3. Nc3 Nf6 4. Bg5 c6 5. e3 Nbd7 6. Nf3 Bb4 7. a3 Bxc3+ 8. bxc3 Qa5 9. Qb3 Ne4 10. Qb4 Qxb4 11. cxb4 a5 12. b5 Nxg5 13. Nxg5 0-0 14. f4 Nf6 15. c5 Ng4 16. Kd2 f5 17. Bd3 Nf2 18. Rhb1 Bd7 19. bxc6 bxc6 20. Rb7 Rfd8 21. Rab1 h6 22. Nf3 Bc8 23. R7b6 Nxd3 24. Kxd3 Ba6+ 25. Kc3 Bb5 26. Ne5 Rdc8 27. h4 Ra7 28. Rg1 h5 29. Rh1 Kh7 30. Rh3 g6 31. Rh1 Kg7 32. Rb1 Kf6 33. Kb3 a4+ 34. Kc3 Rac7 35. R1xb5 cxb5 36. Kb4 Ra8 37. Rxb5 Raa7 38. c6 Ke7 39. Rb8 Kd6 40. Rb6 1-0

[Event "NCA-chT final"]
[Site "Managua"]
[Date "2021.10.31"]
[Round "8.3"]
[White "Aviles, Fernando"]
[Black "Gomez Baltodano, David"]
[Result "0-1"]
[WhiteElo "2124"]
[BlackElo "2012"]
[PlyCount "140"]
[EventDate "2021.10.16"]
[EventType "team-tourn"]
[EventRounds "11"]
[EventCountry "NCA"]
[SourceTitle "EXT 2023"]
[Source "ChessBase"]
[SourceDate "2022.10.05"]
[SourceVersion "1"]
[SourceVersionDate "2022.10.05"]
[SourceQuality "1"]
[WhiteTeam "Academia Ramirez de Arellano"]
[BlackTeam "Blitz Friends"]
[WhiteTeamCountry "NCA"]
[BlackTeamCountry "NCA"]

1. d4 d5 2. Nf3 e6 3. c4 Nf6 4. Nc3 dxc4 5. e3 a6 6. a4 c5 7. Bxc4 Nc6 8. 0-0 Be7 9. b3 cxd4 10. exd4 0-0 11. Bb2 Nb4 12. Qe2 Nbd5 13. Rfe1 Nxc3 14. Bxc3 Nd5 15. Bb2 Bb4 16. Red1 Qd6 17. Rac1 Bd7 18. Ng5 Qf4 19. Ne4 Bc6 20. g3 Qc7 21. Bxd5 exd5 22. Ng5 h6 23. Nf3 Rfe8 24. Qd3 f6 25. Bc3 Bxc3 26. Qxc3 Qd7 27. Re1 Qg4 28. Nd2 Rac8 29. Qd3 h5 30. f3 Qg5 31. f4 Qg4 32. Nf3 Re4 33. Kf2 Rce8 34. Nd2 Rxe1 35. Rxe1 Rxe1 36. Kxe1 h4 37. Kf2 hxg3+ 38. hxg3 Qd1 39. Qe2 Qc2 40. Qe3 Kf7 41. g4 Bd7 42. f5 g6 43. fxg6+ Qxg6 44. Qf3 Be6 45. Kg3 f5 46. Nf1 Ke7 47. Ne3 fxg4 48. Nxg4 Bxg4 49. Qxg4 Qd3+ 50. Kf2 Qxb3 51. Qg7+ Kd6 52. Qf6+ Kc7 53. Qe7+ Kb8 54. Qf8+ Ka7 55. Qc5+ Qb6 56. Qxd5 Qb2+ 57. Ke3 Qa3+ 58. Kd2 Qxa4 59. Qc5+ Kb8 60. Qf8+ Kc7 61. Qf4+ Kb6 62. Kc3 Qc6+ 63. Kb3 Qd5+ 64. Kc3 Kb5 65. Qf1+ Ka5 66. Qa1+ Kb6 67. Qb1+ Qb5 68. Qg1 a5 69. Qe3 a4 70. d5+ Qc5+ 0-1

[Event "NCA-chT 1st Stage"]
[Site "Managua"]
[Date "2021.10.10"]
[Round "9.3"]
[White "Moncada, Orlando Jose"]
[Black "Gomez Baltodano, David"]
[Result "0-1"]
[WhiteElo "1473"]
[BlackElo "2012"]
[PlyCount "94"]
[EventDate "2021.09.25"]
[EventType "team-swiss"]
[EventRounds "9"]
[EventCountry "NCA"]
[SourceTitle "EXT 2023"]
[Source "ChessBase"]
[SourceDate "2022.10.05"]
[SourceVersion "1"]
[SourceVersionDate "2022.10.05"]
[SourceQuality "1"]
[WhiteTeam "Ciudad Sandino"]
[BlackTeam "Blitz Friends"]
[WhiteTeamCountry "NCA"]
[BlackTeamCountry "NCA"]

1. c4 e6 2. d4 d5 3. e3 Nf6 4. Nc3 a6 5. Nf3 dxc4 6. Bxc4 b5 7. Bd3 Bb7 8. a3 c5 9. Be2 Nc6 10. 0-0 cxd4 11. Nxd4 Nxd4 12. exd4 Be7 13. Be3 0-0 14. f3 Rc8 15. Bd3 Nd5 16. Nxd5 Bxd5 17. Rc1 Bf6 18. Bb1 g6 19. Qd2 Qb6 20. Rc5 Rfd8 21. b4 Be7 22. Rxc8 Rxc8 23. Rc1 Rd8 24. Qc3 Bd6 25. Bg5 Re8 26. Bf6 Qb8 27. h3 Bf4 28. Re1 Rc8 29. Qb2 Qc7 30. Be4 Bc1 31. Qf2 Bxa3 32. Be5 Qd7 33. Qh4 Qd8 34. Bf6 Qd6 35. Be5 Qd8 36. Bf6 Qf8 37. Be7 Qg7 38. Bxd5 exd5 39. Bc5 h5 40. Re5 a5 41. Rxd5 Bxb4 42. Bxb4 axb4 43. Rxb5 Rc4 44. Qd8+ Kh7 45. d5 Qd4+ 46. Kh2 Qf4+ 47. Kg1 Qg3 0-1

[Event "NCA-chT 1st Stage"]
[Site "Managua"]
[Date "2021.10.09"]
[Round "7.3"]
[White "Gomez Baltodano, David"]
[Black "Rojas Laguna, Altieri Francisco"]
[Result "1-0"]
[WhiteElo "2012"]
[BlackElo "1641"]
[PlyCount "83"]
[EventDate "2021.09.25"]
[EventType "team-swiss"]
[EventRounds "9"]
[EventCountry "NCA"]
[SourceTitle "EXT 2023"]
[Source "ChessBase"]
[SourceDate "2022.10.05"]
[SourceVersion "1"]
[SourceVersionDate "2022.10.05"]
[SourceQuality "1"]
[WhiteTeam "Blitz Friends"]
[BlackTeam "UNI B"]
[WhiteTeamCountry "NCA"]
[BlackTeamCountry "NCA"]

1. d4 Nf6 2. c4 e6 3. Nc3 c5 4. dxc5 Bxc5 5. e3 Nc6 6. Nf3 0-0 7. Be2 Re8 8. a3 b6 9. b4 Bf8 10. Bb2 g6 11. Nb5 Be7 12. Nd6 Rf8 13. 0-0 Ne8 14. Ne4 Bb7 15. Qc2 f5 16. Nc3 Qc7 17. Nb5 Qb8 18. Rfd1 a6 19. Nbd4 Bf6 20. Nxc6 Bxc6 21. Rac1 Bxb2 22. Qxb2 Bxf3 23. Bxf3 Ra7 24. c5 Kf7 25. Qd4 bxc5 26. Rxc5 Nf6 27. Rdc1 Qb6 28. h3 Rb8 29. g4 d6 30. Rc6 Qxd4 31. exd4 Ne8 32. Be2 a5 33. b5 Ke7 34. a4 Kd7 35. gxf5 exf5 36. Bf3 Rc7 37. d5 Rbc8 38. b6 Rxc6 39. dxc6+ Kd8 40. Bd5 Nc7 41. bxc7+ Rxc7 42. Rb1 1-0

[Event "NCA-chT 1st Stage"]
[Site "Managua"]
[Date "2021.09.26"]
[Round "2.3"]
[White "David, Alarcon"]
[Black "Gomez Baltodano, David"]
[Result "1/2-1/2"]
[WhiteElo "2007"]
[BlackElo "2012"]
[PlyCount "106"]
[EventDate "2021.09.25"]
[EventType "team-swiss"]
[EventRounds "9"]
[EventCountry "NCA"]
[SourceTitle "EXT 2023"]
[Source "ChessBase"]
[SourceDate "2022.10.05"]
[SourceVersion "1"]
[SourceVersionDate "2022.10.05"]
[SourceQuality "1"]
[WhiteTeam "Clemente Guido"]
[BlackTeam "Blitz Friends"]
[WhiteTeamCountry "NCA"]
[BlackTeamCountry "NCA"]

1. e4 e6 2. d3 d5 3. Nd2 c5 4. f4 Nc6 5. Ngf3 b6 6. g3 Bb7 7. Bg2 dxe4 8. Nxe4 Nf6 9. Qe2 Be7 10. Ne5 Nd4 11. Qf2 Nd5 12. c3 Nc6 13. 0-0 Qc7 14. Nc4 g6 15. Rd1 Rd8 16. Na3 a6 17. Nc2 0-0 18. Bd2 Nf6 19. Qf1 Qd7 20. Be3 Ng4 21. Bc1 Rfe8 22. h3 Nf6 23. Be3 Nd5 24. Bf2 f5 25. Nd2 Bf6 26. Nc4 Qc7 27. d4 b5 28. Ne5 Nxe5 29. dxe5 Be7 30. c4 Nb4 31. Ne3 Bxg2 32. Nxg2 Qb7 33. a3 Nc6 34. cxb5 axb5 35. Rac1 c4 36. a4 Nb4 37. Rxd8 Rxd8 38. axb5 Nd3 39. Rxc4 Nxf2 40. Qxf2 Qxb5 41. Qe2 Bc5+ 42. Kh2 Bd4 43. b4 Bc3 44. Qa2 Bxb4 45. Rc8 Rxc8 46. Qxe6+ Kg7 47. Qxc8 Be7 48. g4 fxg4 49. hxg4 Qe2 50. Qe6 Kf8 51. f5 Qxg4 52. Qc8+ Kf7 53. Qe6+ Kf8 1/2-1/2

[Event "NCA-chT 1st Stage"]
[Site "Managua"]
[Date "2020.10.11"]
[Round "8.18"]
[White "Gomez Baltodano, David"]
[Black "Hernandez Ruiz, Fidel Francisco"]
[Result "1-0"]
[WhiteElo "1998"]
[BlackElo "1220"]
[PlyCount "57"]
[EventDate "2020.10.03"]
[EventType "team-swiss"]
[EventRounds "9"]
[EventCountry "NCA"]
[SourceTitle "EXT 2022"]
[Source "ChessBase"]
[SourceDate "2021.10.06"]
[SourceVersion "1"]
[SourceVersionDate "2021.10.06"]
[SourceQuality "1"]

1. d4 Nf6 2. c4 e6 3. Nc3 d5 4. Nf3 Bb4 5. e3 0-0 6. Bd2 Bxc3 7. bxc3 Nc6 8. cxd5 exd5 9. c4 Bg4 10. Qb3 b6 11. Ne5 Nxe5 12. dxe5 dxc4 13. Qxc4 Be6 14. Qc2 Nd5 15. e4 Ne7 16. f4 f5 17. exf6 Rxf6 18. f5 Bf7 19. Bc4 Rc6 20. Bxf7+ Kxf7 21. Qb3+ Kf8 22. Bc3 Qe8 23. 0-0 Qh5 24. f6 Qc5+ 25. Kh1 Qxc3 26. fxe7+ Kxe7 27. Qf7+ Kd6 28. Qd5+ Ke7 29. Rf7+ 1-0

[Event "NCA-chT final"]
[Site "Managua"]
[Date "2019.11.10"]
[Round "7.3"]
[White "Estrada, Miguel"]
[Black "Gomez Baltodano, David"]
[Result "0-1"]
[WhiteElo "1883"]
[BlackElo "1828"]
[PlyCount "102"]
[EventDate "2019.10.26"]
[EventType "team-tourn"]
[EventRounds "11"]
[EventCountry "NCA"]
[SourceTitle "EXT 2021"]
[Source "ChessBase"]
[SourceDate "2020.10.23"]
[SourceVersion "1"]
[SourceVersionDate "2020.10.23"]
[SourceQuality "1"]
[WhiteTeam "Yader Cabrera"]
[BlackTeam "Clemente Guido"]
[WhiteTeamCountry "NCA"]
[BlackTeamCountry "NCA"]

1. e4 e6 2. d4 d5 3. Nd2 c5 4. Ngf3 Nc6 5. Bb5 Nf6 6. e5 Nd7 7. c3 Qb6 8. Bxc6 bxc6 9. 0-0 Ba6 10. Re1 Bd3 11. Qb3 c4 12. Qxb6 axb6 13. Nf1 h6 14. Bd2 Be7 15. Ng3 0-0 16. h3 b5 17. a3 Rfb8 18. Nh5 Be4 19. Nh2 c5 20. Ng3 Bd3 21. Nf3 Ra4 22. dxc5 Nxc5 23. Nd4 Ra6 24. f4 Bh4 25. Re3 Bxg3 26. Rxg3 Ne4 27. Be1 Nxg3 28. Bxg3 b4 29. Be1 bxa3 30. bxa3 Rb1 31. Rxb1 Bxb1 32. Nb5 Ra5 33. Nd4 Rxa3 34. g4 g6 35. h4 Ra2 36. g5 Be4 37. Bf2 Ra1+ 38. Kh2 Rc1 39. Nb5 Rf1 40. Kg3 h5 41. Nd4 Kf8 42. Ne2 Ke7 43. Bc5+ Kd7 44. Bf2 Rd1 45. Bd4 Bd3 46. Ng1 Kc6 47. Nf3 Be4 48. Ng1 Rd2 49. Kh3 Kb5 50. Kg3 Ka4 51. Nh3 Rg2# 0-1

[Event "NCA-chT final"]
[Site "Managua"]
[Date "2019.11.09"]
[Round "6.3"]
[White "Gomez Baltodano, David"]
[Black "Sandoval Gutierrez, William"]
[Result "1-0"]
[WhiteElo "1828"]
[BlackElo "1634"]
[PlyCount "81"]
[EventDate "2019.10.26"]
[EventType "team-tourn"]
[EventRounds "11"]
[EventCountry "NCA"]
[SourceTitle "EXT 2021"]
[Source "ChessBase"]
[SourceDate "2020.10.23"]
[SourceVersion "1"]
[SourceVersionDate "2020.10.23"]
[SourceQuality "1"]
[WhiteTeam "Yader Cabrera"]
[BlackTeam "Diamante de Las Segovias"]
[WhiteTeamCountry "NCA"]
[BlackTeamCountry "NCA"]

1. d4 d5 2. c4 e6 3. Nc3 Be7 4. Nf3 Nf6 5. e3 0-0 6. Bd2 b6 7. cxd5 exd5 8. Ne5 Bb7 9. Rc1 Nbd7 10. f4 Ne4 11. Nxe4 dxe4 12. Nc6 Bxc6 13. Rxc6 a5 14. Qc2 Nf6 15. Rxc7 Nd5 16. Rc6 Nb4 17. Bxb4 Bxb4+ 18. Kf2 f5 19. a3 Bd6 20. Qb3+ Kh8 21. Qxb6 Rb8 22. Qxd8 Rxb2+ 23. Be2 Rxd8 24. a4 g6 25. Rhc1 Bb4 26. Rc7 Bd2 27. R1c2 Rdb8 28. Bb5 Rxc2 29. Rxc2 Bb4 30. h3 Be7 31. Rc7 Bb4 32. g4 fxg4 33. hxg4 h5 34. gxh5 gxh5 35. Bc6 Bd6 36. Rb7 Rg8 37. Bxe4 Rc8 38. Rh7+ Kg8 39. Rxh5 Rc1 40. Rxa5 Bb4 41. Rb5 1-0

[Event "NCA-chT final"]
[Site "Managua"]
[Date "2019.11.03"]
[Round "4.2"]
[White "Gomez Baltodano, David"]
[Black "Ortiz, Marcos"]
[Result "0-1"]
[WhiteElo "1828"]
[BlackElo "2135"]
[PlyCount "150"]
[EventDate "2019.10.26"]
[EventType "team-tourn"]
[EventRounds "11"]
[EventCountry "NCA"]
[SourceTitle "EXT 2021"]
[Source "ChessBase"]
[SourceDate "2020.10.23"]
[SourceVersion "1"]
[SourceVersionDate "2020.10.23"]
[SourceQuality "1"]
[WhiteTeam "Yader Cabrera"]
[BlackTeam "Soldados del Amor"]
[WhiteTeamCountry "NCA"]
[BlackTeamCountry "NCA"]

1. d4 Nf6 2. c4 c5 3. dxc5 e6 4. e3 Bxc5 5. a3 0-0 6. Nc3 d5 7. Nf3 Nc6 8. b4 Be7 9. Bb2 dxc4 10. Qxd8 Rxd8 11. Bxc4 a6 12. 0-0 b5 13. Bb3 Bb7 14. Rfd1 h6 15. h3 Nd7 16. Ne2 a5 17. Ned4 Nxd4 18. Nxd4 axb4 19. axb4 Nb6 20. Nxb5 Rxa1 21. Bxa1 Rxd1+ 22. Bxd1 Bxb4 23. Be2 Bd5 24. Bd4 Nd7 25. Nc3 Bb3 26. Nd1 e5 27. Bb2 f6 28. Kf1 Nc5 29. Bc3 Ba3 30. Bb2 Bb4 31. Bc3 Bxc3 32. Nxc3 Kf7 33. Ke1 Ke6 34. Kd2 Bd5 35. Nxd5 Kxd5 36. f3 f5 37. Kc3 g5 38. Bc4+ Kd6 39. Bg8 Nd7 40. Bh7 f4 41. e4 Kc5 42. Bg8 Nf6 43. Bf7 Nd7 44. Be6 Nb8 45. Bd5 Na6 46. Be6 Nc7 47. Bd7 Kd6 48. Ba4 Kc5 49. Bd7 Na8 50. Be6 Nc7 51. Bd7 Na8 52. Be6 Nb6 53. Bb3 Nc8 54. Be6 Nd6 55. Bd7 Nc4 56. Kd3 Ne3 57. g3 Ng2 58. gxf4 Nxf4+ 59. Ke3 Kc4 60. Bc8 Kc3 61. Bd7 h5 62. Be8 Kc2 63. Bd7 Kd1 64. Kf2 h4 65. Bg4 Kd2 66. Bf5 Nd3+ 67. Kf1 Ke3 68. Bg4 Nf2 69. Bh5 Nxh3 70. Bg4 Nf4 71. Kg1 Ke2 72. Kh2 Kf2 73. Kh1 Kg3 74. Kg1 Nd3 75. Kf1 Nf2 0-1

[Event "NCA-chT final"]
[Site "Managua"]
[Date "2019.10.27"]
[Round "3.3"]
[White "Gomez Baltodano, David"]
[Black "Castillo Sevilla, Ian Eiffel"]
[Result "1-0"]
[WhiteElo "1828"]
[BlackElo "2102"]
[PlyCount "93"]
[EventDate "2019.10.26"]
[EventType "team-tourn"]
[EventRounds "11"]
[EventCountry "NCA"]
[SourceTitle "EXT 2021"]
[Source "ChessBase"]
[SourceDate "2020.10.23"]
[SourceVersion "1"]
[SourceVersionDate "2020.10.23"]
[SourceQuality "1"]
[WhiteTeam "Yader Cabrera"]
[BlackTeam "Granada"]
[WhiteTeamCountry "NCA"]
[BlackTeamCountry "NCA"]

1. d4 d5 2. c4 c6 3. e3 Nf6 4. Nc3 e6 5. Nf3 Be7 6. Bd2 0-0 7. h3 dxc4 8. Bxc4 b5 9. Be2 a6 10. Qc2 Nbd7 11. Ne4 Nxe4 12. Qxe4 Bb7 13. 0-0 Nf6 14. Qc2 c5 15. dxc5 Be4 16. Qc1 Rc8 17. b4 Nd5 18. a3 Bf6 19. Ra2 Nb6 20. Bc3 Na4 21. Ba1 Qe7 22. Rd2 Rfd8 23. Rfd1 Rxd2 24. Rxd2 Rd8 25. Rxd8+ Qxd8 26. Nd4 Qd5 27. f3 Bg6 28. Bd1 e5 29. Bb3 Qd7 30. c6 Qc7 31. Ne2 Nb6 32. e4 Be7 33. Qc3 Bd6 34. Nf4 Kf8 35. Nd5 Nxd5 36. exd5 Ke7 37. Qe3 a5 38. Bxe5 Bxe5 39. f4 Kf6 40. Qxe5+ Qxe5 41. fxe5+ Kxe5 42. g4 a4 43. Bxa4 Kd6 44. Bxb5 Be4 45. Bc4 f5 46. Kf2 f4 47. a4 1-0

[Event "NCA-chT fase1"]
[Site "Managua"]
[Date "2019.10.12"]
[Round "7.3"]
[White "Gomez Baltodano, David"]
[Black "Ortiz, Marcos"]
[Result "1/2-1/2"]
[WhiteElo "1828"]
[BlackElo "2155"]
[PlyCount "91"]
[EventDate "2019.09.28"]
[EventType "team-swiss"]
[EventRounds "9"]
[EventCountry "NCA"]
[SourceTitle "CBM 194 Extra"]
[Source "ChessBase"]
[SourceDate "2020.03.31"]
[SourceVersion "1"]
[SourceVersionDate "2020.03.31"]
[SourceQuality "1"]
[WhiteTeam "Yader Cabrera"]
[BlackTeam "Soldados del Amor"]
[WhiteTeamCountry "NCA"]
[BlackTeamCountry "NCA"]

1. d4 Nf6 2. c4 g6 3. Nc3 Bg7 4. e4 d6 5. Be2 0-0 6. Be3 c5 7. e5 Nfd7 8. exd6 exd6 9. Nf3 Nc6 10. 0-0 a6 11. Qd2 Re8 12. Rfe1 cxd4 13. Nxd4 Nxd4 14. Bxd4 Ne5 15. Rad1 Be6 16. f4 Bh6 17. Ne4 Bf5 18. Bxe5 dxe5 19. Qxd8 Rexd8 20. Nf6+ Kg7 21. fxe5 Bd2 22. Rf1 Be3+ 23. Kh1 Bd4 24. b3 Bxe5 25. Nd5 Be6 26. Bf3 Rab8 27. Rfe1 Bd6 28. Ne3 Bb4 29. Rxd8 Rxd8 30. Rd1 Rxd1+ 31. Nxd1 b6 32. Ne3 f5 33. g3 g5 34. Kg2 a5 35. h3 Bc5 36. Nd5 Bf7 37. Be2 Bxd5+ 38. cxd5 Kf6 39. Kf3 Ke5 40. Bc4 h5 41. g4 fxg4+ 42. hxg4 h4 43. a4 Bd6 44. Kg2 Ke4 45. Kh3 Kf3 46. Bb5 1/2-1/2

[Event "NCA-chT fase1"]
[Site "Managua"]
[Date "2019.10.06"]
[Round "5.3"]
[White "Gomez Baltodano, David"]
[Black "Salazar Cabezas, Alberto Javier"]
[Result "0-1"]
[WhiteElo "1828"]
[BlackElo "1976"]
[PlyCount "126"]
[EventDate "2019.09.28"]
[EventType "team-swiss"]
[EventRounds "9"]
[EventCountry "NCA"]
[SourceTitle "CBM 194 Extra"]
[Source "ChessBase"]
[SourceDate "2020.03.31"]
[SourceVersion "1"]
[SourceVersionDate "2020.03.31"]
[SourceQuality "1"]
[WhiteTeam "Yader Cabrera"]
[BlackTeam "Jane Allens Knights"]
[WhiteTeamCountry "NCA"]
[BlackTeamCountry "NCA"]

1. d4 Nf6 2. c4 g6 3. Nc3 Bg7 4. e3 0-0 5. Nf3 c5 6. Be2 cxd4 7. exd4 d5 8. 0-0 Nc6 9. h3 dxc4 10. Bxc4 Na5 11. Be2 Be6 12. Ne5 Nd7 13. Nxd7 Bxd7 14. d5 Rc8 15. Be3 Nc4 16. Bxc4 Rxc4 17. Qb3 Qc8 18. Rfc1 b6 19. Nb5 Bxb5 20. Qxb5 Rxc1+ 21. Rxc1 Qb7 22. b3 Be5 23. Qc6 Qb8 24. Bg5 Qd6 25. Qb7 f6 26. Bh6 Rd8 27. Rc8 Kf7 28. Rxd8 Qxd8 29. g3 g5 30. h4 gxh4 31. gxh4 Qg8+ 32. Kf1 Qg6 33. Be3 Qd3+ 34. Kg2 Qe4+ 35. Kf1 Qxh4 36. Qxa7 Qh3+ 37. Ke2 Qg4+ 38. Kd3 Qd1+ 39. Ke4 Qh1+ 40. Kd3 Qxd5+ 41. Ke2 Qb5+ 42. Kf3 Qc6+ 43. Ke2 Qc2+ 44. Kf3 f5 45. Qa4 Qd1+ 46. Kg2 Qd5+ 47. f3 Qd3 48. Bxb6 Qd2+ 49. Bf2 Qg5+ 50. Kh1 Qh5+ 51. Kg1 Qxf3 52. Qc4+ e6 53. a4 Qh3 54. Qh4 Qxh4 55. Bxh4 Bc3 56. Kf1 e5 57. Be1 Bxe1 58. Kxe1 Ke7 59. Ke2 h5 60. Kf3 Kd6 61. b4 Kc6 62. b5+ Kb6 63. Kg3 e4 0-1

[Event "NCA-chT fase1"]
[Site "Managua"]
[Date "2019.09.28"]
[Round "1.3"]
[White "Gomez Baltodano, David"]
[Black "Bolanos Garcia, Heidi Paola"]
[Result "1-0"]
[WhiteElo "1828"]
[BlackElo "1285"]
[PlyCount "79"]
[EventDate "2019.09.28"]
[EventType "team-swiss"]
[EventRounds "9"]
[EventCountry "NCA"]
[SourceTitle "CBM 194 Extra"]
[Source "ChessBase"]
[SourceDate "2020.03.31"]
[SourceVersion "1"]
[SourceVersionDate "2020.03.31"]
[SourceQuality "1"]
[WhiteTeam "Yader Cabrera"]
[BlackTeam "Universidad de Ingenieria (W)"]
[WhiteTeamCountry "NCA"]
[BlackTeamCountry "NCA"]

1. d4 d5 2. c4 c6 3. e3 Nf6 4. Nc3 Bf5 5. Nf3 e6 6. Bd2 Be7 7. Qb3 Qc7 8. Rc1 0-0 9. cxd5 exd5 10. Nxd5 Qd7 11. Nxe7+ Qxe7 12. Bb4 Qc7 13. Bxf8 Kxf8 14. Ne5 Qa5+ 15. Qc3 Qxa2 16. Bc4 Qa4 17. f3 Nd5 18. Bxd5 cxd5 19. Qc8+ Bxc8 20. Rxc8+ Ke7 21. 0-0 f6 22. Nd3 b6 23. Rfc1 Kf7 24. Nf4 Qb5 25. R1c7+ Nd7 26. Rxa8 g5 27. Nxd5 Qxd5 28. Raxa7 Ke7 29. Rxd7+ Qxd7 30. Rxd7+ Kxd7 31. e4 Kd6 32. Kf2 Kc6 33. d5+ Kc5 34. b4+ Kd6 35. g4 b5 36. Ke3 Ke5 37. h3 h6 38. Kd3 f5 39. gxf5 h5 40. Ke3 1-0

[Event "Managua Gomez Argenal Memorial 19th"]
[Site "Managua"]
[Date "2019.06.16"]
[Round "8"]
[White "Gomez Baltodano, David"]
[Black "Martinez Romero, Luis"]
[Result "1/2-1/2"]
[WhiteElo "1850"]
[BlackElo "1753"]
[PlyCount "103"]
[EventDate "2019.06.16"]
[EventType "swiss"]
[EventRounds "9"]
[EventCountry "NCA"]
[SourceTitle "EXT 2020"]
[Source "ChessBase"]
[SourceDate "2019.10.17"]
[SourceVersion "1"]
[SourceVersionDate "2019.10.17"]
[SourceQuality "1"]

1. d4 Nf6 2. c4 g6 3. Nc3 Bg7 4. e3 0-0 5. Nf3 d6 6. Be2 Nbd7 7. b3 a6 8. Bb2 c5 9. 0-0 b6 10. d5 Bb7 11. Qd2 Ne8 12. a4 e5 13. dxe6 fxe6 14. Rad1 Qe7 15. h3 Ne5 16. Nxe5 Bxe5 17. f4 Bg7 18. Bf3 Bxf3 19. Rxf3 Rd8 20. Kh2 Nc7 21. e4 Qh4 22. g3 Qe7 23. Rd3 Bd4 24. Rxd4 cxd4 25. Qxd4 e5 26. Qe3 exf4 27. gxf4 Qh4 28. Rf1 g5 29. f5 g4 30. Rg1 h5 31. Qg3 Qxg3+ 32. Rxg3 Kf7 33. hxg4 hxg4 34. Rxg4 Rh8+ 35. Kg3 Rdg8 36. Ne2 Rxg4+ 37. Kxg4 Rh2 38. Kf3 b5 39. axb5 axb5 40. c5 Rh3+ 41. Ng3 dxc5 42. Be5 Ne8 43. Bf4 c4 44. bxc4 bxc4 45. e5 Ng7 46. Kg4 Rh2 47. Ne4 Rg2+ 48. Bg3 c3 49. Nxc3 Rxg3+ 50. Kxg3 Nxf5+ 51. Kf4 Ng7 52. Nb5 1/2-1/2

[Event "NCA-chT final"]
[Site "Managua"]
[Date "2018.10.27"]
[Round "1.3"]
[White "Quezada Mendez, Cesar Andres"]
[Black "Gomez Baltodano, David"]
[Result "1/2-1/2"]
[WhiteElo "1632"]
[BlackElo "1850"]
[PlyCount "118"]
[EventDate "2018.10.27"]
[EventType "team-tourn"]
[EventRounds "11"]
[EventCountry "NCA"]
[SourceTitle "EXT 2020"]
[Source "ChessBase"]
[SourceDate "2019.10.17"]
[SourceVersion "1"]
[SourceVersionDate "2019.10.17"]
[SourceQuality "1"]

1. d4 d5 2. e3 e6 3. Bd3 c5 4. c3 Nc6 5. f4 Nf6 6. Nf3 Be7 7. Nbd2 Qb6 8. 0-0 Bd7 9. Qe2 0-0 10. Ne5 Rad8 11. g4 cxd4 12. exd4 Nxe5 13. fxe5 Ne8 14. h4 f6 15. exf6 Bxf6 16. g5 Bxd4+ 17. cxd4 Qxd4+ 18. Kg2 Qxh4 19. Rxf8+ Kxf8 20. Qf3+ Kg8 21. Qg3 Qxg3+ 22. Kxg3 e5 23. Nb3 b6 24. Bd2 Nd6 25. Bc3 d4 26. Bb4 Nf5+ 27. Kf2 a5 28. Nxa5 bxa5 29. Bxa5 Re8 30. Be4 Ne3 31. Bb4 Rb8 32. a3 g6 33. Rc1 Bf5 34. Kf3 Bg4+ 35. Kg3 Be2 36. Kf2 Bc4 37. Rxc4 Nxc4 38. Bd5+ Kg7 39. Bxc4 h6 40. gxh6+ Kxh6 41. Kf3 Kg5 42. Ke4 Kf6 43. b3 Rh8 44. a4 Rh4+ 45. Kd3 Rh3+ 46. Kd2 e4 47. Bc5 Ke5 48. a5 Rh2+ 49. Ke1 e3 50. Bb5 Ke4 51. Bc6+ Kd3 52. Bb5+ Kc3 53. a6 Ra2 54. a7 g5 55. Ba4 Kd3 56. Bb5+ Kc3 57. Ba4 Ra1+ 58. Ke2 Ra2+ 59. Ke1 Ra1+ 1/2-1/2